China's Electricity Sector

"A timely and important volume covering the most pressing topics of China's electricity sector. It is a useful handbook for researchers, policymakers, businessmen, students and anyone interested in the world's largest energy market." -Xinye Zheng, Professor of Energy Economics, R...

Ausführliche Beschreibung

Gespeichert in:
Bibliographische Detailangaben
Format: Elektronisch E-Book
Sprache:Englisch
Veröffentlicht: Singapore : Springer Singapore, 2018.
Ausgabe:1st ed. 2018.
Schlagworte:
ISBN:9789811081927
Online-Zugang: Volltext
Tags: Tag hinzufügen
Keine Tags, Fügen Sie den ersten Tag hinzu!

MARC

LEADER 00000nam a22000005i 4500
003 SK-BrCVT
005 20220618120812.0
007 cr nn 008mamaa
008 180319s2018 si | s |||| 0|eng d
020 |a 9789811081927 
024 7 |a 10.1007/978-981-10-8192-7  |2 doi 
035 |a CVTIDW10271 
040 |a Springer-Nature  |b eng  |c CVTISR  |e AACR2 
041 |a eng 
245 1 0 |a China's Electricity Sector  |h [electronic resource] /  |c edited by Leo Lester, Mike Thomas. 
250 |a 1st ed. 2018. 
260 1 |a Singapore :  |b Springer Singapore,  |c 2018. 
300 |a XVII, 166 p. 10 illus.  |b online resource. 
500 |a Economics and Finance  
505 0 |a Part I -- 1. China's Power Sector -- Part II -- 2. Governance of the Electricity Sector -- 3. Mapping China's Power Sector Under Market Reform -- 4. Wind and Solar Power in China -- 5. Environmental Regulation -- 6. Financing China's Electricity Sector -- Part III -- 7. The Last Word: Chinese Exceptionalism. 
516 |a text file PDF 
520 |a "A timely and important volume covering the most pressing topics of China's electricity sector. It is a useful handbook for researchers, policymakers, businessmen, students and anyone interested in the world's largest energy market." -Xinye Zheng, Professor of Energy Economics, Renmin University of China This book provides a concise introduction to China's electricity sector, suitable for university students and business analysts. It is business focused, combining an introduction from an established regional electricity consultancy with five academic chapters covering governance, market stakeholders and reform, wind and solar power, environmental regulation, and developments in financing. It is written in an accessible but rigorous style for people with limited knowledge of the topic, with minimal jargon but full referencing throughout the academic chapters. Each academic chapter starts with a summary and three key points to guide the reader's understanding. Leo Lester, a Principal at The Lantau Group, has over a decade of international experience, first with a multinational oil and gas company and later a Saudi think tank. He holds degrees from the Universities of Oxford and Reading, and is a CFA charter holder and certified Financial Risk Manager. Mike Thomas, a Partner at The Lantau Group, is an expert in the rigorous analysis of energy sector decisions, including how or whether to regulate, how and when to rely on market forces, and the evaluation of opportunities and risks. He has an MPP from Harvard Kennedy School and a BA from Carleton College. 
650 0 |a Asia-Economic conditions. 
650 0 |a Fossil fuels. 
650 0 |a Energy policy. 
650 0 |a Energy and state. 
650 0 |a Renewable energy resources. 
856 4 0 |u http://hanproxy.cvtisr.sk/han/cvti-ebook-springer-eisbn-978-981-10-8192-7  |y Vzdialený prístup pre registrovaných používateľov 
910 |b ZE07551 
919 |a 978-981-10-8192-7 
974 |a andrea.lebedova  |f Elektronické zdroje 
992 |a SUD 
999 |c 275727  |d 275727